| Tag |
First Indicator |
Second Indicator |
Subfields |
| LEADER |
00000cam a2200000 a 4500 |
| 001 |
in00000008409 |
| 005 |
20230810113415.0 |
| 008 |
880407s1987 enka b 001 0 eng |
| 010 |
|
|
|a 88128587
|
| 015 |
|
|
|a GB8616372
|2 bnb
|
| 015 |
0 |
0 |
|a b8616372
|
| 019 |
|
|
|a 13670097
|a 59061811
|a 768132729
|a 877366018
|a 1171588562
|a 1191404783
|a 1200941008
|
| 020 |
|
|
|a 0333281071
|
| 020 |
|
|
|a 9780333281079
|
| 020 |
|
|
|a 0333281098
|q (pbk.)
|
| 020 |
|
|
|a 9780333281093
|q (pbk.)
|
| 029 |
1 |
|
|a AU@
|b 000004544741
|
| 029 |
1 |
|
|a AU@
|b 000027560737
|
| 029 |
1 |
|
|a DEBSZ
|b 012627232
|
| 029 |
1 |
|
|a GBVCP
|b 013604694
|
| 029 |
1 |
|
|a HEBIS
|b 008483086
|
| 029 |
1 |
|
|a HR0
|b 0333281071
|
| 029 |
1 |
|
|a NZ1
|b 13975412
|
| 029 |
1 |
|
|a NZ1
|b 229860
|
| 029 |
1 |
|
|a NZ1
|b 3175434
|
| 029 |
1 |
|
|a UNITY
|b 042349656
|
| 035 |
|
|
|a (OCoLC)ocm18052059
|
| 035 |
|
|
|a (OCoLC)18052059
|z (OCoLC)13670097
|z (OCoLC)59061811
|z (OCoLC)768132729
|z (OCoLC)877366018
|z (OCoLC)1171588562
|z (OCoLC)1191404783
|z (OCoLC)1200941008
|
| 035 |
|
|
|a (OCoLC)ocm18052059
|
| 037 |
|
|
|c £30.00 : CIP rev.
|
| 040 |
|
|
|a DLC
|b eng
|c DLC
|d UKM
|d NLGGC
|d BAKER
|d BTCTA
|d YDXCP
|d OCLCG
|d BUF
|d BDX
|d GBVCP
|d OCLCO
|d OCLCF
|d OCLCQ
|d UX1
|d OCLCO
|d OCL
|d OCLCQ
|d LTU
|d DHA
|d OCLCQ
|d QE2
|d OCLCQ
|d MM9
|d OCLCO
|
| 043 |
|
|
|a e------
|
| 050 |
0 |
0 |
|a GF540
|b .D63 1987
|
| 050 |
1 |
4 |
|a D21.5
|b .D62 1987
|
| 082 |
0 |
0 |
|a 304.2
|2 19
|
| 083 |
0 |
|
|a Human geography. Spatial aspects
|
| 084 |
|
|
|a 71.14
|2 bcl
|
| 084 |
|
|
|a 74.60
|2 bcl
|
| 084 |
|
|
|a NW 2250
|2 rvk
|
| 100 |
1 |
|
|a Dodgshon, R. A.
|q (Robert A.)
|
| 245 |
1 |
4 |
|a The European past :
|b social evolution and spatial order /
|c Robert A. Dodgshon.
|
| 260 |
|
|
|a Houndmills, Basingstoke, Hampshire :
|b Macmillan Education ;
|a Dobbs Ferry, New York, NY, U.S.A. :
|b Distributed in the United States of America by Sheridan House Inc.,
|c 1987.
|
| 300 |
|
|
|a xi, 403 pages :
|b illustrations ;
|c 23 cm
|
| 336 |
|
|
|a text
|b txt
|2 rdacontent
|
| 337 |
|
|
|a unmediated
|b n
|2 rdamedia
|
| 338 |
|
|
|a volume
|b nc
|2 rdacarrier
|
| 490 |
1 |
|
|a Critical human geography
|
| 504 |
|
|
|a Includes bibliographical references (pages 362-393) and index.
|
| 650 |
|
0 |
|a Human geography
|z Europe
|x History.
|
| 650 |
|
0 |
|a Social evolution.
|
| 650 |
|
0 |
|a Cities and towns
|z Europe.
|
| 651 |
|
0 |
|a Europe
|x Social conditions.
|
| 650 |
|
6 |
|a Évolution sociale.
|
| 650 |
|
6 |
|a Villes
|z Europe.
|
| 651 |
|
6 |
|a Europe
|x Conditions sociales.
|
| 650 |
|
7 |
|a Cities and towns.
|2 fast
|0 (OCoLC)fst00861748
|
| 650 |
|
7 |
|a Human geography.
|2 fast
|0 (OCoLC)fst00963107
|
| 650 |
|
7 |
|a Social evolution.
|2 fast
|0 (OCoLC)fst01122456
|
| 650 |
|
7 |
|a Social conditions
|2 fast
|0 (OCoLC)fst01919811
|
| 651 |
|
7 |
|a Europe.
|2 fast
|0 (OCoLC)fst01245064
|
| 653 |
|
|
|a Human geography
|a Spatial aspects
|
| 655 |
|
7 |
|a History.
|2 fast
|0 (OCoLC)fst01411628
|
| 776 |
0 |
8 |
|i Online version:
|a Dodgshon, R.A. (Robert A.).
|t European past.
|d Houndmills, Basingstoke, Hampshire : Macmillan Education ; Dobbs Ferry, New York, NY, U.S.A. : Distributed in the United States of America by Sheridan House Inc., 1987
|w (OCoLC)572510070
|
| 830 |
|
0 |
|a Critical human geography.
|
| 938 |
|
|
|a Baker & Taylor
|b BKTY
|c 39.50
|d 29.63
|i 0333281071
|n 0001157579
|s active
|
| 938 |
|
|
|a Brodart
|b BROD
|n 38623935
|c $35.00
|
| 938 |
|
|
|a Baker and Taylor
|b BTCP
|n 88128587 //r972
|
| 938 |
|
|
|a YBP Library Services
|b YANK
|n 296513
|
| 948 |
|
|
|h HELD BY TXA - 272 OTHER HOLDINGS
|
| 994 |
|
|
|a Z0
|b TXA
|
| 999 |
f |
f |
|s 6ff69dc3-5929-3df4-b8d0-41db0853c9d3
|i b3a3164e-219a-3e17-aac0-035d75a938a5
|t 0
|
| 952 |
f |
f |
|p ric
|a Texas A&M University
|b Rellis Campus
|c Joint Library Facility
|d Remote Storage
|t 0
|e GF95 .D62 1987
|h Library of Congress classification
|i unmediated -- volume
|m A14812613141
|
| 998 |
f |
f |
|a GF95 .D62 1987
|t 0
|l Remote Storage
|